000 00617nam a2200253Ia 4500
003 OSt
005 20221005123622.0
006 a|||||r|||| 00| 0
007 ta
008 221004b |||||||| |||| 00| 0 eng d
024 _a47297
037 _cTextual
040 _aCRL
_cCRL
_beng
041 _2eng
_aeng
082 _aO111,3NRA,1, 31J6
100 _aRawling
_9633917
245 0 _aMaan rntti
260 _c1956
300 _a155p.
_ccm.
650 _a TAMIL LANGUAGE
650 _aENGLISH FICTION
942 _hO111,3NRA,1, 31J6
_cTEXL
_2cc
999 _c1047942
_d1047942